| 000 | 00525nam a22001817a 4500 | ||
|---|---|---|---|
| 003 | NUST - PNEC | ||
| 005 | 20170116180756.0 | ||
| 008 | 150403b xxu||||| |||| 00| 0 eng d | ||
| 020 | _a0791408698 | ||
| 040 | _cLibrary | ||
| 082 | _a305.4MCT | ||
| 100 |
_92074 _aMcilwee Judiths |
||
| 245 |
_aWomen in Engineering: Gender, Power, and Workplace Culture _cJudith S. McIlwee |
||
| 260 |
_aNew York _bState Univ of New York Pr _cc1992. |
||
| 300 | _a248 p. : | ||
| 650 |
_92076 _aWomen engineers _xGeneral |
||
| 942 |
_2ddc _cBK |
||
| 999 |
_c62740 _d62740 |
||